Märchen der Gebrüder Grimm - Sudden Death - Statistiken

Allgemein
  • Dieses Quiz wurde 1.882 mal gespielt
    1.812 seit der letzten Aktualisierung
  • Das Durchschnittsergebnis liegt bei 3 aus 16
Answers on the Grid
Answers color-coded by a green-red scale on the quiz's grid according to % correct below.
Die Bremer Stadtmusikanten
Däumelinchen
Dornröschen
Frau Holle
Der Froschkönig
Der gestiefelte Kater
Hänsel und Gretel
Das hässliche Entlein
Die indischen Seerosen
Jorinde und Joringel
Des Kaisers Nachtigall
Des Kaisers neue Kleider
Der kleine Däumling
Das kleine Mädchen mit den Schwefelhölzern
Die kleine Meerjungfräu
Der kleine Muck
Pinocchio
Rapunzel
Rotkäppchen
Rumpelstilzchen
Schneeweißchen und Rosenrot
Schneewittchen
Die Schöne und das Biest
Die sechs Diener
Die sechs Schwäne
Die Sterntaler
Die tanzenden Schuhe
Das tapfere Schneiderlein
Tischchen deck dich
Der Wolf und die sieben Geißlein
 
Antwortstatistiken
Antwort % Korrekt
Die Bremer Stadtmusikanten
66%
Hänsel und Gretel
46%
Frau Holle
41%
Der Froschkönig
22%
Der gestiefelte Kater
14%
Der Wolf und die sieben Geißlein
12%
Rumpelstilzchen
12%
Das tapfere Schneiderlein
11%
Schneewittchen
11%
Tischchen deck dich
10%
Jorinde und Joringel
9%
Rapunzel
8%
Schneeweißchen und Rosenrot
7%
Die Sterntaler
5%
Die sechs Schwäne
3%
Die sechs Diener
2%
Keine übereinstimmenden Quizze gefunden
Verteilung der Resultate
Anzahl Personen mit jedem Resultat
Perzentil nach korrekt beantworteten Fragen
Ihre Resultats-Entwicklung
Sie haben dieses Quiz seit der letzten Aktualisierung nicht gespielt